Geografía Latinoamericana - Selección de Azulejos - Estadísticas

Estadísticas generales
  • Esta prueba ha sido intentada 4.312 veces
  • La puntuación promedio es 36 de 45
Estadísticas de respuestas
Pregunta Azulejo Select % Correcto
las ciudades que pertenezcan a latinoamérica. París No
100%
las ciudades que pertenezcan a latinoamérica. Bogotá
99%
las ciudades que pertenezcan a latinoamérica. Buenos Aires
99%
las ciudades que pertenezcan a latinoamérica. Lima
99%
las ciudades que pertenezcan a latinoamérica. Roma No
99%
las ciudades que pertenezcan a latinoamérica. Los Angeles No
97%
las ciudades que pertenezcan a latinoamérica. Río de Janeiro
95%
las capitales de países latinoamericanos. Miami No
94%
las fotos de lugares en Latinoamérica. No
93%
los países que hayan colonizado una parte que pertenece a latinoamérica moderna. España
93%
los países que hayan colonizado una parte que pertenece a latinoamérica moderna. Rusia No
93%
las fotos de lugares en Latinoamérica.
92%
los países que hayan colonizado una parte que pertenece a latinoamérica moderna. Dinamarca No
92%
los países que atraviesen la cordillera de los Andes. México No
92%
las capitales de países latinoamericanos. Caracas
91%
los países que atraviesen la cordillera de los Andes. Chile
91%
las ciudades que pertenezcan a latinoamérica. Ciudad de México
91%
las capitales de países latinoamericanos. Santiago
91%
los países que hayan colonizado una parte que pertenece a latinoamérica moderna. Alemania No
89%
los países que hayan colonizado una parte que pertenece a latinoamérica moderna. Bélgica No
89%
los países que atraviesen la cordillera de los Andes. Panamá No
89%
las capitales de países latinoamericanos. Quito
89%
los países que hayan colonizado una parte que pertenece a latinoamérica moderna. Portugal
88%
las fotos de lugares en Latinoamérica. No
86%
los países que atraviesen la cordillera de los Andes. Argentina
86%
los países que hayan colonizado una parte que pertenece a latinoamérica moderna. Italia No
86%
los países que atraviesen la cordillera de los Andes. Uruguay No
83%
las capitales de países latinoamericanos. Santa Cruz No
81%
los países que atraviesen la cordillera de los Andes. Brasil No
79%
los países que hayan colonizado una parte que pertenece a latinoamérica moderna. Francia
79%
las fotos de lugares en Latinoamérica.
75%
los países que atraviesen la cordillera de los Andes. Bolivia
75%
las capitales de países latinoamericanos. São Paulo No
75%
las capitales de países latinoamericanos. Sucre
72%
las fotos de lugares en Latinoamérica.
65%
las fotos de lugares en Latinoamérica. No
62%
las capitales de países latinoamericanos. Ciudad de Belice No
62%
los países que atraviesen la cordillera de los Andes. Colombia
58%
las capitales de países latinoamericanos. San Juan No
55%
los países que hayan colonizado una parte que pertenece a latinoamérica moderna. Países Bajos
52%
las fotos de lugares en Latinoamérica.
50%
las ciudades que pertenezcan a latinoamérica. Paramaribo No
41%
las fotos de lugares en Latinoamérica. No
40%
los países que atraviesen la cordillera de los Andes. Venezuela
30%
las fotos de lugares en Latinoamérica.
22%
No se encontraron pruebas coincidentes
Distribución de puntuación
Porcentaje de gente con cada puntuación
Porcentaje por número respondido
Historial de tus puntuaciones
No has intentado esta prueba.